• 首页
  • 本馆介绍
  • 公告通知
  • 最新文献
  • 馆藏检索
  • 电子资源
  • 读者导购
  • 参考咨询
  • 我的图书馆
  • 登录
  • 详细信息显示
  • 放入我的书架
  • 预约/预借图书
  • 作者相关作品
  • 分类相关作品
  • 丛书相关作品
  • 出版社相关作品

书目信息

  • 表格格式
  • 工作单格式
  • 卡片格式
题名:
电视应用美学
    
 
作者: 姚建国 著
分册:  
出版信息: 北京   作家出版社  2001
页数: 342页
开本: 20cm
丛书名:
单 册:
中图分类: J901
科图分类:
主题词: 电影 , 电视--艺术
电子资源:
ISBN: 7-5063-1896-2
000 00551nam0 2200205 450
001 0633741241
005 20070713152155.06
010    @a7-5063-1896-2@dCNY30.50
100    @a20061018d2001 km y0chiy0120 ea
101 0  @achi
102    @aCN@b110000
200 1  @a电视应用美学@Adian shi ying yong mei xue@f姚建国著@Fyao jian guo zhu
210    @a北京@c作家出版社@d2001
215    @a342页@d20cm
606 0  @a电影
606 0  @a电视@x艺术
690    @aJ901@v3
701  0 @a姚建国@Ayao jian guo@4著
801  0 @aCN@bPFT@c20070713
905    @a10447@dJ901@e148
    
    电视应用美学/姚建国著.-北京:作家出版社,2001
    342页;20cm
    
    
    ISBN 7-5063-1896-2:CNY30.50
    
●
相关链接 在E读中查询图书 在五车中查询图书 在当当中查询图书 在豆瓣中查询图书


正题名:电视应用美学     索取号:J901/148         预约/预借

序号 登录号 条形码 馆藏地/架位号 状态 备注
1 0502724   205027246   密集书库/ [索取号:J901/148] 在馆    
2 0775341   207753411   密集书库/ [索取号:J901/148] 在馆    
3 0777475   207774755   密集书库/ [索取号:J901/148] 在馆    
4 0777953   207779536   密集书库/ [索取号:J901/148] 在馆    
唐山师范学院图书馆 欢迎您!
大连网信软件有限公司© 版权所有